[Event "Belgrade-chT2 Quality"]
[Site "Belgrade"]
[Date "2022.11.13"]
[Round "11.8"]
[White "Mitrovic, Vladan"]
[Black "Novakovic, Dimitrije A"]
[Result "1-0"]
[WhiteElo "1889"]
[BlackElo "1516"]
[PlyCount "123"]
[EventDate "2022.10.15"]
[EventType "team-tourn"]
[EventRounds "13"]
[EventCountry "SRB"]
[SourceTitle "EXT 2024"]
[Source "ChessBase"]
[SourceDate "2023.10.10"]
[SourceVersion "1"]
[SourceVersionDate "2023.10.10"]
[SourceQuality "1"]
[WhiteTeam "Sremcica"]
[BlackTeam "Lazarevac Kolubara"]
[WhiteTeamCountry "SRB"]
[BlackTeamCountry "SRB"]

1. d4 d5 2. c4 e6 3. e3 Nf6 4. Nf3 Be7 5. Be2 dxc4 6. Qa4+ Bd7 7. Qxc4 0-0 8. 0-0 Bc6 9. Rd1 Qd5 10. Nc3 Qxc4 11. Bxc4 Bxf3 12. gxf3 c6 13. a4 a5 14. e4 Rd8 15. Bg5 h6 16. Bxf6 Bxf6 17. e5 Be7 18. Ne4 Na6 19. Kf1 Nb4 20. Bb3 Rd7 21. Rd2 Rad8 22. Rad1 c5 23. dxc5 Rxd2 24. Rxd2 Rxd2 25. Nxd2 Bxc5 26. Bc4 b6 27. f4 Kf8 28. Ke2 Ke7 29. Ne4 f6 30. exf6+ gxf6 31. f5 exf5 32. Ng3 Kd7 33. Nxf5 Bf8 34. Kf3 Kc6 35. Kg4 Kc5 36. b3 Nc6 37. Kh5 Ne5 38. Be2 Kb4 39. f4 Nd7 40. Bb5 Nc5 41. Kg6 Nxb3 42. Kf7 Bc5 43. Kxf6 Bg1 44. h4 Bh2 45. Ke5 Nd2 46. h5 Nf3+ 47. Ke4 Nd2+ 48. Ke3 Kc3 49. Nxh6 Bg1+ 50. Ke2 Ne4 51. Nf5 Bh2 52. Kf3 Nf6 53. h6 Kb4 54. Ne3 Bg1 55. Ng4 Nh7 56. Ke4 Kc5 57. Kf5 Kd6 58. Kg6 Nf8+ 59. Kf7 Ne6 60. h7 Bd4 61. Nf6 Nd8+ 62. Kg6 1-0